000 00998cam a2200301 a 4500
999 _c7341
_d7341
001 7341
003 BD-JhCC
005 20180417183058.0
008 061121s2006 enka 000 0 eng
020 _a9780521534963 (pbk.)
020 _a0521534968 (pbk.)
035 _a(BD-JhCC)7341
040 _aDLC
_cDLC
_dDLC
_dBD-JhCC
041 _aeng
050 0 0 _aPE1408
_b.H325 2006
082 _bHAM 2006
_a808.042
100 1 _aHamp-Lyons, Liz.
245 1 0 _aStudy writing :
_ba course in writing skills for academic purposes /
_cLiz Hamp-Lyons, Ben Heasley.
250 _a2nd ed.
260 _aCambridge ;
_aNew York :
_bCambridge University Press,
_c2006.
300 _a213 p. :
_bill. ;
_c25 cm.
650 0 _aEnglish language
_xRhetoric
_xProblems, exercises, etc.
650 0 _aAcademic writing
_xProblems, exercises, etc.
700 1 _aHeasley, Ben.
856 4 2 _3Publisher description
_uhttp://www.loc.gov/catdir/enhancements/fy0703/2006286383-d.html
942 _2ddc
_cBK